| 000 | 00599nam a2200229Ia 4500 | ||
|---|---|---|---|
| 008 | 170203s9999 xx 000 0 und d | ||
| 020 | _a978-1844037117 | ||
| 050 | _a323.1 | ||
| 050 | _b.S887 2012 | ||
| 100 | _aCouper, Heather. | ||
| 245 | 4 | _aThe Story of Astronomy ; | |
| 245 | _bHow the Universe revealed its secrets | ||
| 245 | _cHeather Couper and Nigel Henbest | ||
| 260 | _aUnited Kingdom : | ||
| 260 | _bCPI Group Ltd. | ||
| 260 | _c2012 | ||
| 300 | _a240 pages ; | ||
| 300 | _c20 cm. | ||
| 500 | _aForeword by Arthur C. Clarke. | ||
| 650 | _aAstronomy | ||
| 650 | _xScience | ||
| 999 |
_c305434 _d305434 |
||